000 00501nam a2200157 i 4500
001 157889
003 ES-MaACL
005 20230906210906.0
008 931025s1882 sp |||| | spa d
040 _aAS
_bspa
_cPAB
100 1 _aLlorente Fernández, Ildefonso.
_9129015
245 1 0 _aRecuerdos de Liébana /
_cpor Ildefonso Llorente Fernández.
260 _aMadrid :
_b[s.n.],
_c1882 (
_fImprenta y Fundición de M. Tello)
300 _a398 p. ;
_c23 cm.
852 _aES-MaACL
_jD-394
_z-- Rúst.
999 _c157889
_d157889